| 000 | 01119nam a22002417a 4500 | ||
|---|---|---|---|
| 999 |
_c11279 _d11279 |
||
| 003 | AR-CdUCM | ||
| 008 | 190403b ||||| |||| 00| 0 spa d | ||
| 040 |
_aMUNICIPALIDAD PROVINCIAL DEL CUSCO _cBIBLIOTECA MUNICIPAL DEL CUSCO |
||
| 082 |
_a343.6 / _bG73 |
||
| 100 |
_aGoodnow, Francisco J . _928567 |
||
| 245 | _aDerecho administrativo comparado / | ||
| 260 |
_aMadrid : _bLa España moderna. |
||
| 300 |
_aTomos ; _c22 cm. |
||
| 440 |
_aBiblioteca de jurisprudencia, filosofía e historia _928377 |
||
| 500 | _aDedicatoria. | ||
| 505 | _aContenido : t.1 : La división de poderes -- Administración central -- Administración local. t.2 : Funciones y funcionarios -- Origen de la relación oficial -- Condiciones exigidas para el desempeño de las funciones publicas -- Derechos de los funcionarios -- Termino de la relación oficial -- Método y forma de la acción administrativa... | ||
| 650 |
_aMedios de ejecucion _928568 |
||
| 650 |
_aDeberes con sanción penal _928569 |
||
| 650 |
_aFuncionarios electivos _928570 |
||
| 650 |
_aSistema de nombramiento _928571 |
||
| 942 |
_2ddc _cLIBROS |
||
| 945 | _awnts | ||